[Event "Titled Tue 17th Jun Late"]
[Site "chess.com INT"]
[Date "2025.06.17"]
[Round "10"]
[White "Tekeyev, Zaur"]
[Black "Vaganian, Rafael A"]
[Result "1-0"]
[WhiteTitle "IM"]
[BlackTitle "GM"]
[WhiteElo "2407"]
[BlackElo "2449"]
[WhiteFideId "4199731"]
[BlackFideId "13300016"]
[EventDate "2025.06.17"]

1. e4 e6 2. d4 d5 3. Nd2 c5 4. exd5 exd5 5. Ngf3 Nc6 6. Bb5 Bd6 7. dxc5 Bxc5 8.
O-O Ne7 9. Nb3 Bd6 10. Re1 O-O 11. Bd3 h6 12. h3 Nb4 13. Bf1 Bf5 14. Nbd4 Be4
15. c3 Nbc6 16. Bd3 Bxd3 17. Qxd3 Re8 18. Be3 a6 19. Rad1 Bc7 20. Nb3 Bb6 21.
Bxb6 Qxb6 22. Qe3 Qxe3 23. Rxe3 b6 24. Nfd4 Nxd4 25. Nxd4 Kf8 26. Kf1 Rac8 27.
Nb3 Rcd8 28. Red3 Rd6 29. Nd2 Nc6 30. Nc4 Rde6 31. Rxd5 b5 32. Nd6 Rb8 33. Nf5
h5 34. Rd6 g6 35. Rxe6 fxe6 36. Ne3 Ke7 37. b3 Ne5 38. Ke2 Rc8 39. Rc1 Nc6 40.
Kd2 Rd8+ 41. Kc2 Ne5 42. Rd1 Rc8 43. Rd4 Nc6 44. Re4 b4 45. Rc4 bxc3 46. Kxc3
Kd6 47. h4 Rf8 48. f3 Ne5 49. Rd4+ Kc5 50. Re4 Kd6 51. Ra4 Rc8+ 52. Kd2 Ra8 53.
Rd4+ Kc5 54. Re4 Kd6 55. Nc4+ Kd5 56. Rxe5+ Kd4 57. Rxe6 Kd5 58. Re4 Rd8 59. Ke3
Kc5 60. Re5+ Kb4 61. Re6 a5 62. Rb6+ Kc3 63. Rxg6 Re8+ 64. Kf4 a4 65. Rc6 Rf8+
66. Kg5 Re8 67. Nd6+ Kb4 68. Nxe8 a3 69. Rc4+ Kb5 70. Kxh5 Kb6 71. Kg5 Kb5 72.
h5 Kb6 73. h6 Kb5 74. h7 Kb6 75. h8=Q Kb5 76. Qe5+ Kb6 77. Qc5+ Kb7 78. Qb5+ 1-0

[Event "Titled Tue 17th Jun Late"]
[Site "chess.com INT"]
[Date "2025.06.17"]
[Round "10"]
[White "Brancaleoni, Maurizio"]
[Black "Wu, William"]
[Result "1/2-1/2"]
[WhiteTitle "FM"]
[WhiteElo "2185"]
[BlackElo "1998"]
[WhiteFideId "803022"]
[BlackFideId "39940411"]
[EventDate "2025.06.17"]

1. Nf3 d5 2. d4 c5 3. c4 dxc4 4. d5 Nf6 5. Nc3 e6 6. e4 exd5 7. e5 Ne4 8. Qxd5
Nxc3 9. Qxd8+ Kxd8 10. bxc3 Be6 11. Ng5 Nc6 12. Nxe6+ fxe6 13. Bxc4 Nxe5 14.
Bxe6 Nd3+ 15. Ke2 Nxc1+ 16. Raxc1 Kc7 17. Rhe1 Bd6 18. Kf1 Rhf8 19. g3 g5 20.
Kg2 Rae8 21. c4 Re7 22. Bd5 Rfe8 23. Kf1 b6 24. Rxe7+ Rxe7 25. Re1 Rxe1+ 26.
Kxe1 Be5 27. Ke2 Kd6 28. a4 Bd4 29. f3 Ke5 30. Kd3 Bg1 31. g4 Bxh2 32. Bb7 Bg1
33. Ba6 Bd4 34. Bb7 Kf4 35. Bc6 a6 36. Bb7 h6 37. Bc6 Ke5 38. Bb7 Kf4 39. Bc6
Bg1 40. Bb7 Be3 41. Bc6 a5 42. Bb7 Bd4 43. Bc6 Kg3 44. Ke2 Bc3 45. Bb5 Kf4 46.
Bc6 Ke5 47. Kd3 Bb2 48. Bb7 Kf4 49. Bc6 Bg7 50. Bb7 Ke5 51. Bc6 Kd6 52. Bb5 Bd4
53. Ke4 Ke6 54. Ba6 Kf6 55. Bb5 Kg6 56. Bc6 Kf6 57. Bb5 Ke6 58. Bc6 Bc3 59. Bb5
Kd6 60. Be8 Ke6 61. Bb5 Bb4 62. Bc6 Ba3 63. Bb5 Kf6 64. Be8 Ke7 65. Bb5 Bb4 66.
Bc6 Kd6 67. Bb5 Be1 68. Be8 Bg3 69. Bb5 Ke7 70. Bc6 Kf6 71. Bb5 Kg7 72. Bc6 Kg6
73. Be8+ Kf6 74. Bb5 Bh2 75. Be8 Bg1 76. Bb5 Bd4 77. Be8 Ke7 78. Bb5 Kd6 79. Be8
Ba1 80. Bb5 Kc7 81. Kd5 Bd4 82. Ke6 Be3 83. Kd5 Bd4 84. Ke6 Bc3 85. Ke7 Bb4 86.
Ke6 Kd8 87. Kf7 Kc7 88. Ke6 Bd2 89. Ke7 Bf4 90. Ke6 Bd6 91. Kd5 Bh2 1/2-1/2

[Event "Titled Tue 17th Jun Late"]
[Site "chess.com INT"]
[Date "2025.06.17"]
[Round "10"]
[White "Terron Elena, Francisco M."]
[Black "Unver, Cumayi"]
[Result "0-1"]
[WhiteTitle "FM"]
[WhiteElo "2148"]
[BlackElo "2012"]
[WhiteFideId "2210576"]
[BlackFideId "6304940"]
[EventDate "2025.06.17"]

1. e4 c5 2. Nf3 e6 3. d4 cxd4 4. Nxd4 Nf6 5. Bd3 e5 6. Nf3 Nc6 7. O-O Bc5 8. Bg5
h6 9. Bh4 d6 10. h3 g5 11. Bg3 Nh5 12. Bh2 Nf4 13. Bxf4 gxf4 14. Nc3 a6 15. Nd5
Rg8 16. Kh2 Be6 17. c3 Rg6 18. Qe2 Ne7 19. b4 Ba7 20. c4 Nc6 21. b5 Nd4 22. Nxd4
Bxd4 23. Rab1 a5 24. b6 Kf8 25. Nc7 Rc8 26. Nxe6+ fxe6 27. Qh5 Kg7 28. Rb5 Ra8
29. Be2 Qg5 30. Qf3 Qd8 31. Qa3 a4 32. Qb4 a3 33. Bf3 Kf6 34. Qd2 Qd7 35. Rd1
Rgg8 36. Rb3 Ra4 37. Rb4 Rga8 38. Rdb1 Rxb4 39. Rxb4 Ra6 40. Qc1 Qc6 41. Be2
Rxb6 42. Qxa3 Bxf2 43. Rxb6 Qxb6 44. Qb3 Bg3+ 45. Kh1 Qf2 46. Qd1 Qe3 47. Bf3
Qc5 48. Be2 Qd4 49. Bf3 Qxd1+ 50. Bxd1 Ke7 51. Kg1 Kd8 52. Kf1 Kc7 53. Ke2 Kb6
54. Kd3 Kc5 55. Ba4 d5 56. cxd5 exd5 57. exd5 Kxd5 58. Bb3+ Kc5 59. Ke4 Kb4 60.
Be6 Kc3 61. Bf7 b5 62. Be8 b4 63. Bf7 Kd2 64. Bd5 Ke2 65. Bc6 Kf2 66. Kd3 Ke1
67. Be4 Kd1 68. Kc4 Kc1 69. Kxb4 Kd2 70. a4 Ke3 71. Bb7 e4 72. a5 f3 73. gxf3
exf3 74. a6 Bb8 75. Kc3 f2 76. Bg2 Ke2 77. Kd4 f1=Q 78. Bxf1+ Kxf1 79. Ke4 Kg2
80. Kf5 Kxh3 81. Kg6 h5 82. Kh6 h4 83. a7 Bxa7 84. Kh5 Kg3 0-1

[Event "Titled Tue 17th Jun Late"]
[Site "chess.com INT"]
[Date "2025.06.17"]
[Round "10"]
[White "Muradli, Mahammad"]
[Black "Gumularz, Szymon"]
[Result "1/2-1/2"]
[WhiteTitle "GM"]
[BlackTitle "GM"]
[WhiteElo "2609"]
[BlackElo "2605"]
[WhiteFideId "13409301"]
[BlackFideId "1188062"]
[EventDate "2025.06.17"]

1. b3 b6 2. Nf3 Bb7 3. Bb2 Nf6 4. g3 c5 5. Bg2 g6 6. O-O Bg7 7. c4 d5 8. cxd5
Qxd5 9. Nc3 Qh5 10. d4 O-O 11. dxc5 Qxc5 12. Rc1 Qh5 13. h3 Nc6 14. g4 Qa5 15.
a3 Rfd8 16. Qc2 b5 17. b4 Qb6 18. Rcd1 a5 19. g5 axb4 20. gxf6 bxc3 21. fxg7
cxb2 22. Qxb2 Qc5 23. Rc1 Qxa3 24. Qxb5 Nd4 25. Nxd4 Bxg2 26. Kxg2 Kxg7 27. Qe5+
Kg8 28. Nf5 f6 29. Qe6+ Kf8 30. Nh6 Kg7 31. Ng4 Ra6 32. Qe3 Qxe3 33. Nxe3 Rd2
34. Kf3 Raa2 35. Rfe1 h5 36. Nc4 Rd5 37. Ne3 Rdd2 38. Nc4 Rd5 39. Rcd1 Rf5+ 40.
Kg2 Rg5+ 41. Kf1 Rc5 42. Ne3 f5 43. Nd5 Kf7 44. Nb4 Ra4 45. Nd3 Rc2 46. Rc1 Rca2
47. Rc7 Re4 48. f3 Re3 49. Kf2 Rxd3 50. Kg3 Re3 51. Kf2 Re6 52. Rc4 Kf6 53. h4
Rd6 54. Rb4 Rdd2 55. Rb6+ e6 56. Rc6 Ra4 57. Kg3 Rb4 58. Ra6 Rdd4 59. Rh1 Rb2
60. Kf2 Rd5 61. Re1 f4 62. Ra4 Kf5 63. Ra8 Rdd2 64. Rf8+ Ke5 65. Rg8 Kf6 66.
Rf8+ Ke5 67. Rg8 Kf6 68. Rf8+ Ke7 69. Rxf4 e5 70. Re4 Kf6 71. Rg1 Rd4 72. Rxd4
exd4 73. Rd1 Ke5 74. Rd3 Rc2 75. Ra3 Rb2 76. Ra5+ Kf6 77. Ra6+ Kf5 78. Ra5+ Kf6
79. Ra6+ Kg7 80. Ra3 Rd2 81. Rb3 Rd1 82. Rb7+ Kh6 83. Rb3 Rh1 84. Kg3 Rg1+ 85.
Kf4 Re1 86. Rb2 Rh1 87. Kg3 Rd1 88. Kf4 d3 89. e4 d2 90. Ke3 Rh1 91. Rxd2 Rxh4
92. e5 Kg7 93. f4 Rh1 94. Rd7+ Kf8 95. Ke4 Re1+ 96. Kf3 Rf1+ 97. Ke4 Kg8 98. Ra7
h4 99. e6 Re1+ 100. Kd5 h3 101. Ra2 Kg7 102. Rh2 Kf6 103. Rxh3 Rxe6 104. Rg3 Re1
105. Rg5 Re2 106. Kd4 Re7 107. Rg1 Re6 108. Rg5 Ra6 109. Ke4 Ra3 110. Rb5 Ra4+
111. Kf3 Kg7 112. Kg4 Kh6 113. Rb6 Rd4 114. Rb5 Rd1 115. Rb6 Rg1+ 116. Kf3 Rf1+
117. Kg3 Rc1 118. Kg4 Rc3 119. f5 Rc4+ 120. Kf3 Kg5 121. fxg6 Rc7 122. Ke4 Rg7
123. Ke5 Rxg6 124. Rxg6+ Kxg6 1/2-1/2

[Event "Titled Tue 17th Jun Late"]
[Site "chess.com INT"]
[Date "2025.06.17"]
[Round "11"]
[White "Rasch, Holger"]
[Black "Jasinski, Alexander"]
[Result "0-1"]
[WhiteTitle "FM"]
[WhiteElo "2246"]
[BlackElo "1989"]
[WhiteFideId "4615670"]
[BlackFideId "55627994"]
[EventDate "2025.06.17"]

1. e4 c5 2. c3 Nf6 3. e5 Nd5 4. d4 cxd4 5. Nf3 d6 6. cxd4 Nc6 7. a3 Bg4 8. Be2
dxe5 9. dxe5 e6 10. Bf4 Nxf4 0-1

[Event "Titled Tue 17th Jun Late"]
[Site "chess.com INT"]
[Date "2025.06.17"]
[Round "11"]
[White "Qian, Ashley"]
[Black "Gorbenko, Rustem"]
[Result "0-1"]
[WhiteTitle "WCM"]
[BlackTitle "CM"]
[WhiteElo "2033"]
[BlackElo "2201"]
[WhiteFideId "2636280"]
[BlackFideId "14111438"]
[EventDate "2025.06.17"]

1. e4 e6 2. d4 d5 3. Nd2 Nf6 4. e5 Nfd7 5. Bd3 c5 6. c3 Nc6 7. Ne2 cxd4 8. cxd4
f6 9. exf6 Qxf6 10. Nf3 h6 11. O-O Bd6 12. a3 O-O 13. g3 Qxf3 0-1

[Event "Titled Tue 17th Jun Late"]
[Site "chess.com INT"]
[Date "2025.06.17"]
[Round "11"]
[White "Pozzari, Simone"]
[Black "Grabinsky, Vladimir"]
[Result "0-1"]
[WhiteTitle "FM"]
[BlackTitle "IM"]
[WhiteElo "2171"]
[BlackElo "2192"]
[WhiteFideId "2831282"]
[BlackFideId "14107074"]
[EventDate "2025.06.17"]

1. e4 c5 2. Nf3 Nc6 3. Bb5 e6 4. Bxc6 bxc6 5. b3 f6 6. e5 fxe5 7. d3 d6 8. Nbd2
Nf6 9. Nc4 Be7 10. O-O O-O 11. a4 Nd5 12. Qe1 Ba6 13. Na5 Qc7 14. Bd2 Rf5 15.
Nh4 Bxh4 0-1

[Event "Titled Tue 17th Jun Late"]
[Site "chess.com INT"]
[Date "2025.06.17"]
[Round "11"]
[White "Fadi, Marko"]
[Black "Unver, Cumayi"]
[Result "0-1"]
[WhiteTitle "FM"]
[WhiteElo "2298"]
[BlackElo "2012"]
[WhiteFideId "10605371"]
[BlackFideId "6304940"]
[EventDate "2025.06.17"]

1. g3 g6 2. Bg2 Bg7 3. Nh3 c5 4. f3 Nc6 5. Nf2 e5 6. O-O Nge7 7. d3 d6 8. e4 O-O
9. Nc3 Nd4 10. f4 Be6 11. Be3 Qd7 12. Qd2 Rab8 13. a4 b6 14. h3 a6 15. g4 exf4
16. Bxf4 b5 17. axb5 axb5 18. Nd5 Nec6 19. Rae1 Bxd5 20. exd5 Ne5 21. c3 Nef3+ 0-1

[Event "Titled Tue 17th Jun Late"]
[Site "chess.com INT"]
[Date "2025.06.17"]
[Round "11"]
[White "Li, Eric 2007"]
[Black "Romanchuk, Viktor"]
[Result "1-0"]
[WhiteTitle "IM"]
[BlackTitle "FM"]
[WhiteElo "2372"]
[BlackElo "2266"]
[WhiteFideId "30939941"]
[BlackFideId "14109271"]
[EventDate "2025.06.17"]

1. d4 d5 2. c4 c6 3. Nf3 Nf6 4. Nc3 e6 5. e3 Nbd7 6. Qc2 Bd6 7. Bd3 O-O 8. O-O
dxc4 9. Bxc4 a6 10. e4 e5 11. Rd1 b5 12. dxe5 Nxe5 13. Nxe5 Bxe5 14. Rxd8 Rxd8
15. Be2 c5 16. f3 Bd4+ 17. Kh1 Be6 18. Nd1 1-0

[Event "Titled Tue 17th Jun Late"]
[Site "chess.com INT"]
[Date "2025.06.17"]
[Round "11"]
[White "Londono Lopez, Donaldo"]
[Black "Ferraz, Michel Liah"]
[Result "0-1"]
[WhiteTitle "FM"]
[WhiteElo "2186"]
[BlackElo "2007"]
[WhiteFideId "4462009"]
[BlackFideId "22743219"]
[EventDate "2025.06.17"]

1. e4 e5 2. Nf3 Nc6 3. Bb5 f5 4. Nc3 Nf6 5. Qe2 fxe4 6. Nxe4 d5 7. Nxf6+ gxf6 8.
d4 e4 9. Ne5 fxe5 10. Qh5+ Kd7 11. Qf5+ Kd6 12. dxe5+ Kc5 13. e6 Kxb5 14. c4+
Kxc4 15. a4 Bb4+ 16. Ke2 Nd4+ 0-1

[Event "Titled Tue 17th Jun Late"]
[Site "chess.com INT"]
[Date "2025.06.17"]
[Round "11"]
[White "Ady, Jonathan J."]
[Black "Makaraci, Tunahan"]
[Result "1-0"]
[WhiteTitle "FM"]
[BlackTitle "FM"]
[WhiteElo "2355"]
[BlackElo "2233"]
[WhiteFideId "6000240"]
[BlackFideId "6356559"]
[EventDate "2025.06.17"]

1. e4 c5 2. Nf3 d6 3. c3 Nf6 4. Be2 g6 5. O-O Bg7 6. Bb5+ Bd7 7. Bxd7+ Qxd7 8.
Re1 O-O 9. d4 cxd4 10. cxd4 Nc6 11. Nc3 Rac8 12. Bg5 h6 13. Bh4 Rfd8 14. Rc1 g5
15. Bg3 Nh5 16. d5 Na5 17. e5 Nxg3 18. hxg3 dxe5 19. Nxe5 Qf5 20. g4 Qf4 21. g3
Qb4 22. Qf3 Nc4 23. Qxf7+ Kh8 24. Ng6+ Kh7 25. Rxe7 Rg8 26. Qf5 1-0

[Event "Titled Tue 17th Jun Late"]
[Site "chess.com INT"]
[Date "2025.06.17"]
[Round "11"]
[White "Oksendal, Martin"]
[Black "Makridis, Dimitrios"]
[Result "0-1"]
[WhiteTitle "FM"]
[BlackTitle "FM"]
[WhiteElo "2235"]
[BlackElo "2283"]
[WhiteFideId "1554107"]
[BlackFideId "25864475"]
[EventDate "2025.06.17"]

1. e4 Nf6 2. Nc3 d5 3. d3 c5 4. Nf3 Nc6 5. Bg5 d4 6. Ne2 e6 7. g3 h6 8. Bd2 Be7
9. Bg2 Qc7 10. O-O b6 11. c4 dxc3 12. Bxc3 Bb7 13. Qc2 O-O-O 14. a3 g5 15. Nd2
h5 16. Nc4 h4 17. f4 hxg3 18. fxg5 gxh2+ 19. Kh1 Ng4 20. Bxh8 Rxh8 21. Qc3 Rh7
22. g6 fxg6 23. Nf4 Nd4 24. Nxg6 Rg7 25. Nxe7+ Qxe7 26. Rf4 Ne2 27. Qd2 Ng3# 0-1

[Event "Titled Tue 17th Jun Late"]
[Site "chess.com INT"]
[Date "2025.06.17"]
[Round "11"]
[White "Karas, Eugenia"]
[Black "Ristic, Nebojsa M"]
[Result "0-1"]
[WhiteTitle "WFM"]
[BlackTitle "IM"]
[WhiteElo "2124"]
[BlackElo "2248"]
[WhiteFideId "463485"]
[BlackFideId "900850"]
[EventDate "2025.06.17"]

1. Nf3 Nf6 2. b3 g6 3. Bb2 Bg7 4. e3 O-O 5. Be2 d6 6. d4 Nbd7 7. O-O e5 8. dxe5
Ng4 9. Nbd2 Ngxe5 10. Nxe5 Nxe5 11. Qc1 Qh4 12. Nf3 Nxf3+ 13. Bxf3 Be5 14. g3
Qf6 15. Bxe5 Qxf3 16. Qd1 Qxd1 17. Rfxd1 dxe5 18. Rd5 f6 19. Rad1 Be6 20. R5d2
Kf7 21. c4 Ke7 22. Kf1 Rad8 23. Ke2 Rxd2+ 24. Rxd2 Rd8 25. Rb2 c5 26. f3 a5 27.
a4 Rd6 28. e4 f5 29. Ke3 fxe4 30. Kxe4 Kf6 31. g4 h5 32. h3 h4 33. Rg2 Rb6 34.
g5+ Ke7 35. Kxe5 Rxb3 36. f4 Re3# 0-1

[Event "Titled Tue 17th Jun Late"]
[Site "chess.com INT"]
[Date "2025.06.17"]
[Round "11"]
[White "Kukushkin, Ivan"]
[Black "Petrus, Adrian"]
[Result "1-0"]
[WhiteTitle "CM"]
[BlackTitle "CM"]
[WhiteElo "2008"]
[BlackElo "2203"]
[WhiteFideId "11634103"]
[BlackFideId "14573652"]
[EventDate "2025.06.17"]

1. e4 e5 2. Nc3 Nf6 3. Bc4 c6 4. d4 d6 5. dxe5 dxe5 6. Bxf7+ Ke7 7. Qxd8+ Kxd8
8. a3 Ke7 9. Bb3 Be6 10. Bxe6 Kxe6 11. Nf3 h6 12. h3 Bc5 13. Na4 Bd6 14. Nc3 Bc5
15. Ke2 Nbd7 16. Be3 b5 17. Rad1 Rad8 18. Rd3 Bxe3 19. Kxe3 Nc5 20. Rxd8 Rxd8
21. g4 a5 22. b4 axb4 23. axb4 Na6 24. Na2 Nd7 25. c3 Nb6 26. Nd2 Nc7 27. Nc1
Ne8 28. Ncb3 Kf6 29. Nc5 Nd6 30. Ra1 Ndc4+ 31. Nxc4 Nxc4+ 32. Kf3 Nd2+ 33. Kg2
Nc4 34. Ra6 Rd6 35. Nb7 Rd2 36. Rxc6+ Kg5 37. Kg3 Rd3+ 38. f3 g6 39. h4# 1-0

[Event "Titled Tue 17th Jun Late"]
[Site "chess.com INT"]
[Date "2025.06.17"]
[Round "11"]
[White "Manukyan, Sargis A."]
[Black "Tang, Austin"]
[Result "1-0"]
[WhiteTitle "FM"]
[WhiteElo "2294"]
[BlackElo "1979"]
[WhiteFideId "13303970"]
[BlackFideId "30964580"]
[EventDate "2025.06.17"]

1. d4 Nf6 2. c4 g6 3. Nc3 d5 4. cxd5 Nxd5 5. e4 Nxc3 6. bxc3 Bg7 7. Nf3 c5 8.
Rb1 O-O 9. Be2 cxd4 10. cxd4 Qa5+ 11. Bd2 Qxa2 12. O-O Bg4 13. Rxb7 Nc6 14. d5
Bxf3 15. Bxf3 Ne5 16. Bg5 e6 17. d6 f6 18. Be3 Rfd8 19. Be2 Qa3 20. d7 Qa4 21.
Qxa4 1-0

[Event "Titled Tue 17th Jun Late"]
[Site "chess.com INT"]
[Date "2025.06.17"]
[Round "11"]
[White "Abdou Ahmed Alem"]
[Black "Playa, Marcelo"]
[Result "0-1"]
[WhiteTitle "CM"]
[BlackTitle "IM"]
[WhiteElo "2002"]
[BlackElo "2376"]
[WhiteFideId "19603720"]
[BlackFideId "102202"]
[EventDate "2025.06.17"]

1. d4 e6 2. Bf4 Nf6 3. e3 d5 4. Bd3 c5 5. c3 Nc6 6. Nd2 Bd6 7. Bxd6 Qxd6 8. f4
O-O 9. Ngf3 Ng4 10. Bxh7+ Kxh7 11. Ng5+ Kg8 12. Qxg4 f6 13. Ngf3 e5 14. f5 exd4
15. exd4 Re8+ 16. Kf2 cxd4 17. Nxd4 Nxd4 18. Qxd4 Bxf5 19. Rae1 Re5 20. Nf3 Re4
21. Rxe4 Bxe4 22. Re1 Qf4 23. Re3 Qf5 24. a4 b6 25. Kg1 Rd8 26. Nd2 Re8 27. a5
Qg4 28. axb6 Qxg2# 0-1

[Event "Titled Tue 17th Jun Late"]
[Site "chess.com INT"]
[Date "2025.06.17"]
[Round "11"]
[White "Wu, William"]
[Black "Marchesich, Giovanni"]
[Result "0-1"]
[BlackTitle "CM"]
[WhiteElo "1998"]
[BlackElo "2189"]
[WhiteFideId "39940411"]
[BlackFideId "2824790"]
[EventDate "2025.06.17"]

1. e4 d5 2. exd5 Qxd5 3. Nc3 Qe5+ 4. Nge2 Qa5 5. Ng3 Nf6 6. Bc4 Bg4 7. f3 Bd7 8.
d4 a6 9. O-O b5 10. Bb3 e6 11. Bd2 Qb6 12. Be3 c5 13. dxc5 Bxc5 14. Bxc5 Qxc5+
15. Kh1 O-O 16. Nce4 Nxe4 17. Nxe4 Qc7 18. Qd6 Qxd6 19. Nxd6 Bc6 20. Rad1 Nd7
21. Rfe1 Nc5 22. c3 Rfd8 23. Bc2 Bd5 24. Ne4 Nxe4 25. fxe4 Bc6 26. Kg1 Kf8 27.
Kf2 Ke7 28. Ke3 e5 29. g3 f6 30. Bb3 a5 31. g4 a4 32. Bd5 Bxd5 33. exd5 Kd6 34.
Ke4 Rac8 35. Rd2 Rc4+ 36. Kf3 Rdc8 37. a3 Rf4+ 38. Kg3 Rcc4 39. h3 g6 40. Re3 f5
41. gxf5 gxf5 42. Rde2 Rfe4 43. Rxe4 Rxe4 44. Rd2 Re3+ 45. Kh4 e4 46. Kg5 Rd3
47. Rf2 Rxd5 48. Kf4 Rd3 49. Kxf5 Rf3+ 0-1

[Event "Titled Tue 17th Jun Late"]
[Site "chess.com INT"]
[Date "2025.06.17"]
[Round "11"]
[White "Garcia Correa, Jose Ricardo"]
[Black "Li, Xueyi"]
[Result "1-0"]
[WhiteTitle "FM"]
[BlackTitle "WGM"]
[WhiteElo "2103"]
[BlackElo "2220"]
[WhiteFideId "5101832"]
[BlackFideId "8605912"]
[EventDate "2025.06.17"]

1. e4 c6 2. d4 d5 3. Nc3 dxe4 4. Nxe4 Bf5 5. Ng3 Bg6 6. h3 Nf6 7. Nf3 Nbd7 8.
Bc4 e6 9. Qe2 Bd6 10. Bb3 O-O 11. Bg5 Be7 12. O-O-O Nd5 13. Bxe7 Qxe7 14. h4 Nf4
15. Qf1 Nf6 16. Ne5 N4d5 17. h5 Bf5 18. Nxf5 exf5 19. f3 Ne3 20. Qd3 Nxd1 21.
Rxd1 h6 22. Qxf5 Nd5 23. Kb1 Qf6 24. Qd3 Nf4 25. Qf1 1-0

[Event "Titled Tue 17th Jun Late"]
[Site "chess.com INT"]
[Date "2025.06.17"]
[Round "11"]
[White "Ersoz, Teoman Guney"]
[Black "Rozman, Levy"]
[Result "1-0"]
[WhiteTitle "CM"]
[BlackTitle "IM"]
[WhiteElo "2052"]
[BlackElo "2324"]
[WhiteFideId "44537050"]
[BlackFideId "2039877"]
[EventDate "2025.06.17"]

1. d4 Na6 2. e4 c6 3. Nf3 d5 4. e5 Bg4 5. Bf4 e6 6. c3 Ne7 7. Nbd2 Nc7 8. h3 Bh5
9. Bd3 c5 10. O-O Nc6 11. dxc5 Bxc5 12. Nb3 Bb6 13. Re1 O-O 14. a4 a5 15. Nbd4
Nxd4 16. cxd4 Bxf3 17. Qxf3 Bxd4 18. Bxh7+ Kxh7 19. Qd3+ Kg8 20. Qxd4 Rc8 21.
Re3 Qh4 22. Rg3 Na6 23. Qd2 Kh7 24. Bg5 Qb4 25. Qe2 f5 26. exf6 g6 27. Qxe6 Rc7
28. Rg4 1-0

[Event "Titled Tue 17th Jun Late"]
[Site "chess.com INT"]
[Date "2025.06.17"]
[Round "11"]
[White "Ibarra Carlos Roberto"]
[Black "Montano Vicente, Guadalupe"]
[Result "0-1"]
[WhiteTitle "FM"]
[WhiteElo "2116"]
[BlackElo "1938"]
[WhiteFideId "6707173"]
[BlackFideId "5181399"]
[EventDate "2025.06.17"]

1. d4 Nf6 2. Nc3 d5 3. Bf4 e6 4. Nb5 Na6 5. e3 c6 6. Nc3 Nc7 7. Nf3 Bd6 8. Ne5
O-O 9. Bd3 c5 10. h4 c4 11. Be2 a6 12. h5 Nb5 13. Nb1 Ne4 14. f3 f6 15. fxe4
fxe5 16. dxe5 Bb4+ 17. c3 Bc5 18. exd5 exd5 19. a4 Nc7 20. Nd2 Ne6 21. g3 Qb6
22. Qc1 Bxe3 23. Nxc4 Bf2+ 24. Kf1 dxc4 25. Bxc4 Be3 26. a5 Qa7 27. Qc2 Bxf4 0-1

[Event "Titled Tue 17th Jun Late"]
[Site "chess.com INT"]
[Date "2025.06.17"]
[Round "11"]
[White "Akopyan, Harutyun"]
[Black "Tinmaz, Kerem"]
[Result "1-0"]
[WhiteTitle "FM"]
[BlackTitle "FM"]
[WhiteElo "2240"]
[BlackElo "2013"]
[WhiteFideId "2012014"]
[BlackFideId "44559151"]
[EventDate "2025.06.17"]

1. e4 e6 2. d3 d5 3. Qe2 Nf6 4. Nf3 Be7 5. g3 O-O 6. Bg2 b6 7. O-O Bb7 8. e5
Nfd7 9. Re1 c5 10. c4 dxc4 11. dxc4 Nc6 12. Bf4 Qc7 13. Nc3 a6 14. Nd5 Qd8 15.
Rad1 Rb8 16. Nxe7+ Qxe7 17. Ng5 Nd4 18. Qd3 Bxg2 19. Qxh7# 1-0

[Event "Titled Tue 17th Jun Late"]
[Site "chess.com INT"]
[Date "2025.06.17"]
[Round "11"]
[White "Sohal, Tanraj"]
[Black "Jagirapu, Harshin Reddy"]
[Result "0-1"]
[WhiteTitle "FM"]
[WhiteElo "2234"]
[BlackElo "2042"]
[WhiteFideId "2608499"]
[BlackFideId "39910679"]
[EventDate "2025.06.17"]

1. d4 Nf6 2. Nf3 d5 3. g3 c5 4. Bg2 e6 5. O-O Nc6 6. a3 cxd4 7. Nxd4 Bc5 8. Nxc6
bxc6 9. c4 O-O 10. Qc2 Be7 11. b4 Ba6 12. c5 Nd7 13. Bb2 f5 14. Re1 Bf6 15. e3
e5 16. Qxf5 e4 17. Bxf6 Rxf6 18. Qh5 Qe7 19. Nc3 Raf8 20. Ra2 Ne5 21. Qd1 Bc4
22. Rd2 Qf7 23. Qc2 Ng4 24. Nxe4 dxe4 25. Bxe4 Nxf2 26. Bxh7+ Kh8 0-1

[Event "Titled Tue 17th Jun Late"]
[Site "chess.com INT"]
[Date "2025.06.17"]
[Round "11"]
[White "Jing, Andrew"]
[Black "Garzon Zapatanga, Christopher Leonel"]
[Result "0-1"]
[WhiteTitle "FM"]
[BlackTitle "FM"]
[WhiteElo "2292"]
[BlackElo "2155"]
[WhiteFideId "30984076"]
[BlackFideId "3634787"]
[EventDate "2025.06.17"]

1. e4 c5 2. Nf3 d6 3. Bb5+ Bd7 4. Bxd7+ Qxd7 5. d4 cxd4 6. Nxd4 Nf6 7. Nc3 g6 8.
O-O Bg7 9. h3 O-O 10. Be3 Nc6 11. Qd2 Rac8 12. f4 Rfd8 13. Rad1 Na5 14. b3 Nc6
15. a3 a6 16. Qd3 b5 17. a4 Nb4 18. Qd2 Qb7 19. axb5 axb5 20. Ncxb5 Nxc2 21.
Nxc2 Qxb5 22. Nd4 Qb7 23. e5 dxe5 24. fxe5 Ne4 25. Qe2 Nc3 26. Qf2 e6 27. Rd3
Bxe5 28. Bg5 Bxd4 29. Rxd4 Rxd4 30. Bf6 Rf4 31. Qxf4 Ne2+ 32. Kh2 Nxf4 33. Rxf4 0-1

[Event "Titled Tue 17th Jun Late"]
[Site "chess.com INT"]
[Date "2025.06.17"]
[Round "11"]
[White "Carrasco Miranda, Andres"]
[Black "Molinaroli, Martin"]
[Result "1-0"]
[WhiteTitle "CM"]
[BlackTitle "FM"]
[WhiteElo "2211"]
[BlackElo "2157"]
[WhiteFideId "3405990"]
[BlackFideId "4606604"]
[EventDate "2025.06.17"]

1. d4 g6 2. Nf3 Bg7 3. g3 Nf6 4. Bg2 O-O 5. O-O d5 6. c4 c6 7. Ne5 e6 8. Nc3
Nbd7 9. Nxd7 Bxd7 10. Qb3 b5 11. cxb5 cxb5 12. Bf4 Qb6 13. Rfd1 Rfc8 14. Rac1
Ne8 15. e3 Nd6 16. Bxd6 Qxd6 17. Nxb5 Bxb5 18. Qxb5 Rxc1 19. Rxc1 Rb8 20. Qe2
Qb4 21. b3 Bf8 22. Bf1 a5 23. Qa6 Kg7 24. Rc7 Bd6 25. Ra7 Qe1 26. Qxd6 Rc8 27.
Qxe6 1-0